After conversion: cultural histories of modern India (Record no. 7316)

MARC details
000 -LEADER
fixed length control field 00490nam a2200181Ia 4500
020 ## - INTERNATIONAL STANDARD BOOK NUMBER
ISBN 9788190618663
082 ## - DEWEY DECIMAL CLASSIFICATION NUMBER
Classification number 306.0954 DUB-A
100 ## - MAIN ENTRY--AUTHOR NAME
Personal name Dube, Saurabh
245 #0 - TITLE STATEMENT
Title After conversion: cultural histories of modern India
260 ## - PUBLICATION, DISTRIBUTION, ETC. (IMPRINT)
Place of publication New Delhi
Name of publisher Yoda Press
Year of publication 2010
300 ## - PHYSICAL DESCRIPTION
Number of Pages xi, 210
440 ## - SERIES STATEMENT/ADDED ENTRY--TITLE
Title New perspectives on Indian pasts
504 ## - BIBLIOGRAPHY, ETC. NOTE
Bibliography, etc includes index
650 ## - SUBJECT ADDED ENTRY--TOPICAL TERM
Topical Term Culture
Form subdivision India
-- History
650 ## - SUBJECT ADDED ENTRY--TOPICAL TERM
Topical Term India
Form subdivision History
650 ## - SUBJECT ADDED ENTRY--TOPICAL TERM
Topical Term Dalits
Form subdivision India
-- History
942 ## - ADDED ENTRY ELEMENTS (KOHA)
Koha item type Books
Holdings
Withdrawn status Lost status Damaged status Not for loan Home library Current library Date acquired Source of acquisition Bill Date Full call number Accession Number Price effective from Koha item type
        NASSDOC Library NASSDOC Library 21/07/2010 DP 2010-06-28 306.0954 DUB-A 46439 18/04/2019 Books